Philadelphie - Choix Multiples - Statistiques

Statistiques générales
  • Ce quiz a été pris 2 647 fois
    2 630 depuis la dernière actualisation
  • Le résultat moyen est 6 sur 10
Statistiques - réponses
Question Réponse % Correct
Laquelle de ces photos n'a PAS été prise à Philadelphie ?
75%
Dans quel film peut-on voir le personnage principal monter en courant les immenses escaliers menant au Musée d'Art de la ville ? Rocky
68%
Comment se nomme l'équipe de NBA basée à Philadelphie ? Les 76ers
67%
Comment se nomme le regroupement de 8 universités, parmi les plus anciennes et prestigieuses des États-Unis, dont l'Université de Pennsylvanie fait partie ? La Ivy League
57%
Quel Père Fondateur des États-Unis, penseur et célèbre inventeur a longtemps vécu à Philadelphie ? Benjamin Franklin
56%
Que signifie le nom de la ville ? Amitié fraternelle
53%
Lequel de ces évènements historiques a eu lieu à Philadelphie ? La signature de la déclaration d'indépendance
53%
Quel fleuve traverse Philadelphie ? Le Delaware
48%
Quel homme politique a fondé l'état de Pennsylvanie ainsi que la ville de Philadelphie au 17ème siècle ? William Penn
48%
Quelle pratique d'urbanisme fut utilisée pour la 1ère fois aux États-Unis à Philadelphie ? Des nombres pour désigner les rues
44%
Aucun quiz correspondant
Distribution des résultats
% des personnes avec chaque résultat
Percentile par nombre de réponses
Votre historique - résultats
Vous n’avez pas pris ce quiz depuis la dernière actualisation